A guide to japanese prints and their subject matter
Uloženo v:
| Hlavní autor: | |
|---|---|
| Médium: | Kniha |
| Jazyk: | angličtina |
| Vydáno: |
Nueva York
Dover Publications
1979
|
| Témata: | |
| Tagy: |
Přidat tag
Žádné tagy, Buďte první, kdo vytvoří štítek k tomuto záznamu!
|
MARC
| LEADER | 00000nam a2200000 a 4500 | ||
|---|---|---|---|
| 001 | UCU8617 | ||
| 003 | CL-VaPUC | ||
| 008 | 960802e19790000US |||||||||||||||||eng|d | ||
| 082 | 0 | 4 | |a 759.952 |b STE |2 21 |
| 100 | 0 | |a Stewart, Basil |e author |9 367914 | |
| 245 | 1 | 2 | |a A guide to japanese prints and their subject matter |
| 300 | |a 381 p | ||
| 942 | |c BK | ||
| 945 | |d 19960802 00:00:00 |a rbrito | ||
| 260 | |a Nueva York |b Dover Publications |c 1979 | ||
| 650 | 0 | |a Pintura japonesa |9 367915 | |
| 650 | 7 | |a PINTORES JAPONESES |2 CL-VaPUC |9 367916 | |
| 650 | 0 | |a Crítica de arte |9 334590 | |
| 650 | 7 | |a CUADROS |2 CL-VaPUC |9 367917 | |
| 650 | 0 | |a Pintura |9 265046 | |
| 650 | 0 | |a Dibujos |9 264123 | |
| 650 | 0 | |a Historia |9 255047 | |
| 651 | 0 | |a Japón |9 260391 | |
| 583 | |a last modification |c 19960802 00:00:00 |k Rodrigo Vera | ||
| 999 | |c 250892 |d 250890 | ||
| 952 | |0 0 |1 0 |4 0 |6 759_952000000000000_STE_1979 |7 0 |8 A |9 269611 |a BIBARQ |b BIBARQ |d 2019-11-19 |i 321768K |o 759.952 STE 1979 |p 321768K |r 2025-01-20 |w 2019-11-19 |y BK |k ARQ | ||